<?xml version="1.0" encoding="UTF-8"?>
<record
    xmlns:xsi="http://www.w3.org/2001/XMLSchema-instance"
    xsi:schemaLocation="http://www.loc.gov/MARC21/slim http://www.loc.gov/standards/marcxml/schema/MARC21slim.xsd"
    xmlns="http://www.loc.gov/MARC21/slim">

  <leader>00742ned a22002054a 4500</leader>
  <datafield tag="999" ind1=" " ind2=" ">
    <subfield code="c">20289</subfield>
    <subfield code="d">20289</subfield>
  </datafield>
  <controlfield tag="005">20180814113722.0</controlfield>
  <controlfield tag="008">180814s1999    ck ||||| |a|| d | 0 spa d</controlfield>
  <datafield tag="040" ind1=" " ind2=" ">
    <subfield code="a">CO-BoIAVH</subfield>
    <subfield code="c">CO-BoIAVH</subfield>
  </datafield>
  <datafield tag="041" ind1="0" ind2=" ">
    <subfield code="a">spa</subfield>
  </datafield>
  <datafield tag="044" ind1=" " ind2=" ">
    <subfield code="a">ck</subfield>
  </datafield>
  <datafield tag="090" ind1=" " ind2=" ">
    <subfield code="a">MC-</subfield>
    <subfield code="b">0364</subfield>
  </datafield>
  <datafield tag="100" ind1="1" ind2=" ">
    <subfield code="a">Mendoza Sabogal, Javier Eduardo</subfield>
    <subfield code="9">14594</subfield>
  </datafield>
  <datafield tag="245" ind1="0" ind2="0">
    <subfield code="a">Mapa de los relictos de bosque nativo presentes en el borde sur - Sabana de Bogot&#xE1;</subfield>
    <subfield code="h">[Material Cartografico] /  </subfield>
    <subfield code="c">Javier Eduardo Mendoza S.</subfield>
  </datafield>
  <datafield tag="255" ind1=" " ind2=" ">
    <subfield code="a">1 : 150000</subfield>
  </datafield>
  <datafield tag="260" ind1=" " ind2=" ">
    <subfield code="a">Bogot&#xE1;? (Colombia) : </subfield>
    <subfield code="b">[s.e.]</subfield>
    <subfield code="c">1999.</subfield>
  </datafield>
  <datafield tag="300" ind1=" " ind2=" ">
    <subfield code="a">1 mapa ; </subfield>
    <subfield code="c">49 x 39 cm.</subfield>
  </datafield>
  <datafield tag="650" ind1="2" ind2="6">
    <subfield code="a">Bosques</subfield>
    <subfield code="z">Sabana de Bogot&#xE1; (Colombia)</subfield>
    <subfield code="v">Mapa</subfield>
    <subfield code="9">101138</subfield>
  </datafield>
  <datafield tag="650" ind1="2" ind2="6">
    <subfield code="a">Tierras de matorral</subfield>
    <subfield code="z">Sabana de Bogot&#xE1; (Colombia)</subfield>
    <subfield code="v">Mapa</subfield>
    <subfield code="9">101139</subfield>
  </datafield>
  <datafield tag="942" ind1=" " ind2=" ">
    <subfield code="2">z</subfield>
    <subfield code="c">Mapa</subfield>
  </datafield>
  <datafield tag="952" ind1=" " ind2=" ">
    <subfield code="0">0</subfield>
    <subfield code="1">0</subfield>
    <subfield code="2">z</subfield>
    <subfield code="4">0</subfield>
    <subfield code="7">0</subfield>
    <subfield code="8">CARTOGRAFI</subfield>
    <subfield code="a">Bogota</subfield>
    <subfield code="b">Bogota</subfield>
    <subfield code="d">2018-08-14</subfield>
    <subfield code="l">0</subfield>
    <subfield code="o">MC-0364</subfield>
    <subfield code="p">030320</subfield>
    <subfield code="r">2018-08-14 00:00:00</subfield>
    <subfield code="t">A.1 Ej.1</subfield>
    <subfield code="w">2018-08-14</subfield>
    <subfield code="x">Donacion</subfield>
    <subfield code="y">Mapa</subfield>
  </datafield>
</record>
